Top 100 cities with lowest quality of life - Statistics

General Stats
  • This quiz has been taken 19 times
  • The average score is 24 of 100
Answer Stats
Place Answer % Correct
87 Lagos
81%
37 Kabul
75%
62 Khartoum
75%
95 Luanda
75%
34 Abuja
69%
59 Kampala
69%
93 Nairobi
69%
11 Port-au-Prince
69%
27 Brazzaville
63%
58 Dar es Salaam
63%
32 Johannesburg
63%
6 Kano
63%
81 Bamako
56%
26 Bangui
56%
51 Lilongwe
56%
20 Lusaka
56%
86 Mombasa
56%
44 Asmara
50%
30 Djibouti
50%
18 Dodoma
50%
15 Durban
50%
66 Lome
50%
42 Ndjamena
50%
57 Abidjan
44%
28 Antananarivo
44%
8 Benin City
44%
35 Cape Town
44%
40 Port Moresby
44%
76 Banjul
38%
38 Bujumbura
38%
49 Gaborone
38%
33 Lubumbashi
38%
12 Port Harcourt
38%
41 Pretoria
38%
54 Bissau
31%
79 Cotonou
31%
67 Windhoek
31%
45 Blantyre
25%
17 Bloemfontein
25%
48 Kingston
25%
2 Maseru
25%
31 Mbabane
25%
16 Mbuji-Mayi
25%
60 Praia
25%
52 Arusha
19%
91 Guatemala City
19%
82 Manaus
19%
77 Maracaibo
19%
46 Pointe-Noire
19%
5 Port Elizabeth
19%
64 Yamoussoukro
19%
74 Enugu
13%
13 Jos
13%
9 Maiduguri
13%
36 Mwanza
13%
94 Barquisimeto
6%
14 Beira
6%
47 Huambo
6%
22 Ilorin
6%
4 Kaduna
6%
21 Ndola
6%
43 Onitsha
6%
68 Recife
6%
61 Salvador
6%
3 Sokoto
6%
50 Teresina
6%
1 Zaria
6%
19 Aba
0%
85 Abbottabad
0%
10 Abeokuta
0%
80 Aracaju
0%
96 Asyut
0%
90 Bareilly
0%
55 Belem
0%
73 Bhopal
0%
7 Buffalo City
0%
89 Dhanbad
0%
75 Sialkot
0%
98 Faisalabad
0%
70 Fortaleza
0%
92 Goiania
0%
99 Gujranwala
0%
83 Gwalior
0%
56 Indore
0%
63 Kanpur
0%
24 Kimberley
0%
25 Kitwe
0%
78 Lucknow
0%
97 Maceio
0%
84 Muzaffarpur
0%
65 Natal
0%
39 Ogbomosho
0%
29 Owerri
0%
23 Polokwane
0%
100 Ranchi
0%
72 Saharanpur
0%
69 Sao Luis
0%
71 Sohag
0%
53 Sultanpur
0%
88 Vasai-Virar
0%
No matching quizzes found
Score Distribution
Percent of People with Each Score
Percentile by Number Answered
Your Score History
You have not taken this quiz